000 00970nas a2200313 4500
001 BR2017003319
003 BR-BrBNA
005 20231205131153.0
007 ta
008 230509b bl.|||p| |||| 00| 00por d
040 _aBR-BrBNA
_bpor
_cBiblioteca Nacional de Agricultura
041 _a(En)
072 _aH10
100 1 _aMIchelotto, M.D.
100 1 _aCrosariol Neto, J.
100 1 _aPirotta, M.Z.
100 1 _aDuarte, A.P.
100 1 _aFeitas, R.S. de
100 1 _aFinoto, E.L.
245 1 _aEfficacy of transgenic mayse insecticide treatment to control fall armyworm in late-season maize in São Paulo state, Brazil
650 _aMILHO
650 _aALIMENTO TRANSGÊNICO
650 _aPRAGA DE PLANTA
650 _aMANEJO
650 _aINSETICIDA
773 0 _tCiência e Agrotecnologia (Brazil)
_xISSN 1413-7054
_g(Mar-Apr 2017), v. 41(2) p. 128-138
_wBR2017003319
909 _a202311
_bLúcia
_c55
_dLúcia Elande
942 _2AGRIS
_n0
_cANA
999 _c253381
_d253381